Medical use of human beings : respect as a basis for critique of discourse, law and practice

Gardado en:
Detalles Bibliográficos
Autor Principal: GARWOOD- GOWERS, Austen
Formato: Libro
Idioma:inglés
Publicado: Routledge 2020
Tags: Engadir etiqueta
Sen Etiquetas, Sexa o primeiro en etiquetar este rexistro!

MARC

LEADER 00000nam a22000007a 4500
008 240610b |||||||| |||| 00| 0 eng d
020 |a 9780754679646 
100 |a GARWOOD- GOWERS, Austen 
245 |a Medical use of human beings  |b : respect as a basis for critique of discourse, law and practice  |c Austen Garwood-Gowers  |e Biomedical law and ethics library  |g viii,203p. 
260 |b Routledge  |c 2020  |h New York  |i 700637  |i 700638  |l K3611.H86 G16  |m Human experimentation in medicine-law and legislation  |m Human body - law and legislation 
500 |a It includes references and index 
942 |a lcc  |c BK  |e Adeyemo O.O  |f 10/06/2024  
952 |0 0  |1 0  |2 lcc  |4 0  |6 K3611 H86 G16  |7 0  |9 5277  |a LL  |b HOL  |d 2024-06-10  |l 0  |o K3611.H86 G16  |p 2024-0520  |r 2024-06-10 00:00:00  |t 700637  |w 2024-06-10  |y BK 
952 |0 0  |1 0  |2 lcc  |4 0  |6 K3611 H86 G16  |7 0  |9 5278  |a LL  |b HOL  |d 2024-06-10  |l 0  |o K3611.H86 G16  |p 2024-0521  |r 2024-06-10 00:00:00  |t 700638  |w 2024-06-10  |y BK 
999 |c 2615  |d 2615